000 00388 a2200109 4500
005 20260327125802.0
100 _aBhende S.
_9217320
245 _aआधुनिक महाराष्ट्राची जडणघडण शिल्पकार चरित्रकोश खंड : २
250 _a1st
260 _bSaptahik Vivek Hindusthan Prakashan Samstha
_c2009
942 _cAR
999 _c370783
_d370783